| 000 | 01445nam a2200205 4500 | ||
|---|---|---|---|
| 999 |
_c7444 _d7444 |
||
| 020 | _a9780521658195 | ||
| 020 | _a0521658195 | ||
| 020 | _a0521555299 | ||
| 050 |
_aQA401 _b.R537 |
||
| 100 | _aRiley, K F | ||
| 245 |
_aMathematical methods for physics and engineering : Cambridge ; New York : Cambridge University Press, 2002, ©1998. _ba comprehensive guide / _cK F Riley; M P Hobson; S J Bence |
||
| 260 |
_aCambridge ; New York : _bCambridge University Press, _c2002, ©1998. |
||
| 300 |
_axix, 1008 pages : _b illustrations ; _c25 cm. |
||
| 500 | _aIncludes index. | ||
| 505 | _a1. Preliminary calculus -- 2. Complex numbers and hyperbolic functions -- 3. Series and limits -- 4. Partial differentiation -- 5. Multiple integrals -- 6. Vector algebra -- 7. Matrices and vector spaces -- 8. Vector calculus -- 9. Line, surface and volume integrals -- 10. Fourier series -- 11. Integral transforms -- 12. First-order ordinary differential equations -- 13. Higher-order ordinary differential equations -- 14. Series solutions of ordinary differential equations -- 15. Eigenfunction methods for differential equations -- 16. Partial differential equations: general and particular solutions -- 17. Partial differential equations: separation of variables and other methods -- 18. Complex variables -- 19. Tensors. | ||
| 650 | _aMathematical analysis. | ||
| 700 | _aHobson, M P | ||
| 710 | _aBence, S J | ||
| 942 | _cBK | ||